Consells per evitar robatoris i estafes
Publicado:
Barcelona :
Diputació de Barcelona : Mossos d'Esquadra : Generalitat de Catalunya. Departament d'Interior ,
2018
Descripción Física:
1 tríptic ; il. col. ; 15 x 15 cm
Materias:
Robatori -- Consells pràctics, receptes, trucs casolans, etc.
; Estafa -- Consells pràctics, receptes, trucs casolans, etc.
Idioma:
Catalán
MARC
| LEADER | 00000nam a22000007a 4500 | ||
|---|---|---|---|
| 001 | 25062 | ||
| 008 | 211129b spa||||| |||| 00| 0 cat d | ||
| 080 | |a FU-67-104 | ||
| 245 | |a Consells per evitar robatoris i estafes | ||
| 260 | |a Barcelona : |b Diputació de Barcelona : |b Mossos d'Esquadra : |b Generalitat de Catalunya. Departament d'Interior ; |c 2018 | ||
| 300 | |a 1 tríptic ; |b il. col. ; |c 15 x 15 cm | ||
| 650 | 0 | |9 52428 |a Robatori |x Consells pràctics, receptes, trucs casolans, etc. | |
| 650 | 0 | |9 52429 |a Estafa |x Consells pràctics, receptes, trucs casolans, etc. | |
| 710 | 1 | |a Barcelona (Catalunya : Província). |b Gabinet de Premsa i Comunicació |9 51838 | |
| 710 | 1 | |a Catalunya. |b Departament d'Interior, Relacions institucionals i Participació |9 51750 | |
| 710 | |a Catalunya. |b Mossos d'Esquadra |9 53686 | ||
| 942 | |2 udc |c ARXIU |n 1 | ||
| 952 | |0 0 |1 0 |2 udc |4 0 |6 FU67104 |7 1 |9 60876 |a Arxiu |b Arxiu |d 2021-11-29 |l 0 |o FU-67-104 |p 25062 |r 2021-11-29 00:00:00 |w 2021-11-29 |y ARXIU | ||
| 999 | |c 81002 |d 81002 | ||